000 01034nam a22002297a 4500
999 _c12301
_d12301
003 AR-CdUCM
008 190402b ||||| |||| 00| 0 spa d
020 _a9972-876-08-X
040 _aMUNICIPALIDAD PROVINCIAL DEL CUSCO
_cBIBLIOTECA MUNICIPAL DEL CUSCO
082 _aEP / 372.510 /
_bAP64
110 _aMinisterio de Educación
_97325
245 _aÁrea lógico - matemática :
_bAprendemos matemática /
_bCuaderno de trabajo /
_b3er grado de educación primaria /
260 _aLima :
_bMinisterio de educación,
_c2001.
300 _a157 paginas ;
_bilustraciones, graficos, dibujos,
_c28 cm.
500 _aCuaderno de trabajo
505 _aContenido :Usamos los números -- Aplicamos las operaciones de adición y sustracción -- Descubrimos la multiplicación -- Construimos las tablas de multiplicar por 2 y por 3 -- Construimos la división ...
650 _aEducación primaria
_91561
650 _aTextos educativos
_910256
650 _aCuaderno de trabajo
_911620
942 _2ddc
_cLIBROS
945 _arum
_d2019-04-08